000 00487nam a22001817a 4500
003 MPLRDC
005 20220104124121.0
008 210129b ||||| |||| 00| 0 eng d
020 _a7-80515-712-X
082 _a577.2386 CBH
100 _a蔡北华主编
245 _a海外华侨华人发展简史
_c
250 _a一版一刷
260 _a
_b上海社会科学院出版社
_c1992
300 _b
650 _a移民及侨民--各地华侨状况
942 _cBK
_o577.2386 CBH
999 _c16775
_d16765